| 000 | 00674nam a2200229 a 4500 | ||
|---|---|---|---|
| 001 | 55189 | ||
| 003 | BD-RjUL | ||
| 005 | 20211209080228.0 | ||
| 008 | 161115s2008 ii ||||| |||| 00| 0 eng d | ||
| 020 | _a8130908395 | ||
| 035 | _a(BD-RjUL)55311 | ||
| 040 |
_aBD-RjUL _beng _cBD-RjUL |
||
| 041 | _aeng | ||
| 082 |
_223 _a005.1 _bRIW 2008 |
||
| 100 | 1 | 0 |
_aRiley, John _9164439 |
| 245 |
_a Print Writing fast programs: _ba practical guide for scientists and engineers / _cJohn S.Riley, |
||
| 250 | _aFirst Indin ed. | ||
| 260 |
_aNew Dellhi: _bViva Books, _cc2008 |
||
| 300 |
_axxvii 228p. : _bill, ; _c23 cm. |
||
| 650 |
_a Computer programming _9138757 |
||
| 942 |
_2ddc _cBK |
||
| 999 |
_c55189 _d55189 |
||